| 000 | 00915nam a2200265 a 4500 | ||
|---|---|---|---|
| 001 | 32416 | ||
| 003 | BD-RjUL | ||
| 005 | 20211209051831.0 | ||
| 008 | 140426s1969 enkabh b 00100 eng d | ||
| 020 | _a0521074002 | ||
| 035 | _a(BD-RjUL)32505 | ||
| 040 |
_aLC _beng _cLC _dSL _dBD-RjUL |
||
| 041 | _aeng | ||
| 082 | 0 | 0 |
_a200.956 _bREL V-2 1969 |
| 245 | 0 | 0 |
_aReligion in the Middle East : _bthree religions in concord and conflict / _cgeneral editor: A. J. Arberry. _nVolume 2 : _pIslam. |
| 260 |
_aLondon : _bCambridge University Press, _c1969. |
||
| 300 |
_axi, 749 p. : _bill., facsim., maps. ; _c24 cm. |
||
| 504 | _aIncludes bibliography (v.2., p. 659-690) and index. | ||
| 505 | 0 | _av. 1. Judaism and Christianity -- v. 2. Islam. | |
| 651 | 0 |
_aMiddle East _xReligion. _998612 |
|
| 700 | 1 |
_aArberry, A. J. _d1905-1969. _q(Arthur John), _998613 |
|
| 942 |
_2ddc _cBK |
||
| 999 |
_c32416 _d32416 |
||